Historia de Rusia en el siglo XX

Salvato in:
Dettagli Bibliografici
Autore principale: Service, Robert (Autore)
Natura: Libro
Lingua:spagnolo
Pubblicazione: Barcelona Crítica 2000
Serie:Memoria Crítica
Soggetti:
Tags: Aggiungi Tag
Nessun Tag, puoi essere il primo ad aggiungerne!!

MARC

LEADER 00000nam a2200000 a 4500
001 UCG4457
003 CL-VaPUC
008 101104e20000000SP |||||||||||||||||spa|d
020 |a 8484321312 
082 0 4 |a 947.08621  |b SER  |2 21 
100 0 |a Service, Robert  |e author  |9 553750 
245 1 0 |a Historia de Rusia en el siglo XX 
300 |a 590 p 
942 |c BK 
945 |d 20101104 00:00:00  |a mfarfan 
260 |a Barcelona  |b Crítica  |c 2000 
650 0 |a Historia de Rusia  |9 343091 
651 0 |a Unión Soviética  |9 256769 
583 |a last modification  |c 20101104 00:00:00  |k Rodrigo Vera 
490 0 |a Memoria Crítica 
999 |c 343163  |d 343161 
952 |0 0  |1 0  |4 0  |6 947_086210000000000_SER_2000  |7 0  |8 A  |9 440224  |a BIBHIS  |b BIBHIS  |d 2019-11-22  |i 4730534  |o 947.08621 SER 2000  |p 4730534  |r 2025-01-20  |w 2019-11-22  |y BK  |k HIS 
952 |0 0  |1 0  |4 0  |6 947_086210000000000_SER_2000  |7 0  |8 A  |9 440225  |a BIBHIS  |b BIBHIS  |d 2019-11-22  |i 4730542  |l 3  |m 1  |o 947.08621 SER 2000  |p 4730542  |r 2025-01-20  |s 2024-01-17  |w 2019-11-22  |y BK  |k HIS